| 000 | 00437nam a2200157Ia 4500 | ||
|---|---|---|---|
| 008 | 231217s9999 xx 000 0 und d | ||
| 041 | _aEnglish | ||
| 082 | _a651.4 LES `R' | ||
| 100 | _aLesikar, Raymond V Pettit, John D | ||
| 245 | 0 | _aBusiness communication: Theory and applications | |
| 250 | _a6th ed. | ||
| 260 |
_c1996 _bIllinois : Richard D Irwin, |
||
| 300 | _axiv+754 | ||
| 650 | _aBusiness communication | ||
| 942 | _cAA | ||
| 999 |
_c166097 _d166097 |
||